|
|
|
|
| LEADER |
00842nam a22002051 4500 |
| 001 |
c000369797 |
| 003 |
CARM |
| 005 |
00000000000000.0 |
| 008 |
851211s1953 nyu 0 eng d |
| 019 |
1 |
|
|a 4176984
|z 27542705
|z 54031027
|z 55576275
|5 LACONCORD2021
|
| 035 |
|
|
|a (OCoLC)320881
|5 LACONCORD2021
|
| 100 |
1 |
|
|a Shultz, George Pratt,
|d 1920-
|
| 245 |
1 |
0 |
|a Labor problems :
|b cases and readings /
|c by G.P.Shultz and J.R.Coleman.
|
| 260 |
|
|
|a N.Y. :
|b McGraw-Hill,
|c 1953.
|
| 650 |
|
0 |
|a Industrial relations
|z United States
|x Case studies.
|
| 700 |
1 |
|
|a Coleman, John R.
|q (John Royston),
|d 1921-
|
| 852 |
8 |
|
|b CARM
|h A1:AM37F0
|i C10305
|p 0441912
|f BK
|
| 082 |
0 |
4 |
|a 331.15
|
| 999 |
f |
f |
|i 2b92649d-4977-5519-88ca-ed25cf5956d4
|s ec610920-612c-5159-baa1-d96b35dd4c6f
|
| 952 |
f |
f |
|p Can circulate
|a CAVAL
|b CAVAL
|c CAVAL
|d CARM 1 Store
|e C10305
|f A1:AM37F0
|h Other scheme
|i book
|m 0441912
|